| 000 | 00387nam a22001577a 4500 | ||
|---|---|---|---|
| 003 | MACL | ||
| 005 | 20151128153353.0 | ||
| 008 | 151128b xxu||||| |||| 00| 0 eng d | ||
| 040 | _cMACL | ||
| 041 | _aEnglish | ||
| 082 | _a294/SAK | ||
| 100 |
_aSukla,Ananta Ch. _918186 |
||
| 245 | _aSridhara Svami A Medieval Philosopher of Religion | ||
| 650 |
_aReligion _918596 |
||
| 942 |
_2ddc _cBK |
||
| 999 |
_c51307 _d51307 |
||